| 000 | 01202cam a2200337 a 4500 | ||
|---|---|---|---|
| 003 | CHAP | ||
| 005 | 20220329142738.0 | ||
| 008 | 010926s mx r 10000 spa d | ||
| 010 | _a87152 | ||
| 011 | _a88124 | ||
| 020 | _a9688842680 | ||
| 035 | _a98669 | ||
| 040 | _cCHAP | ||
| 082 | 0 | 4 |
_a633.73 _bC76 |
| 111 | 0 | 0 |
_aConferencia Internacional IFOAM sobre Café Orgánico ( 1 : _d1995 : _cMéxico, D.F. ) _926517 |
| 245 | 1 | 0 |
_aMemorias _c/por Federación Internacional de Movimientos de Agricultura Orgánica |
| 260 |
_aMéxico, D.F. : _bFederación Internacional de Movimientos de Agricultura Orgánica, _c1995. |
||
| 300 | _a218 p. | ||
| 590 |
_aBATCH-UPD _b10 _c20130110 _lUCH01 _h0257 |
||
| 590 |
_aBATCH-UPD _b10 _c20130110 _lUCH01 _h2047 |
||
| 590 |
_aBATCH-UPD _b10 _c20130409 _lUCH01 _h2328 |
||
| 590 |
_aBATCH-UPD _b10 _c20130410 _lUCH01 _h1400 |
||
| 590 |
_aBATCH-UPD _b10 _c20130913 _lUCH01 _h2159 |
||
| 590 |
_aCONVERSION _b10 _c20130109 _lUCH01 _h1348 |
||
| 650 | 1 | 4 |
_aAgricultura orgánica _xCongresos. _92007 |
| 650 | 1 | 4 |
_aCafé orgánico. _917217 |
| 901 | _aBK | ||
| 905 | _aAlejandra Carrasco M. | ||
| 942 | _cLIBRO | ||
| 949 |
_a633.73 C76 _bBC _cCONG _d33724000889242 _eCONG _h103547 _i98669 _sb |
||
| 999 |
_c87152 _d87152 |
||